Les Charlots, Stars oubliées - Statistiques

Statistiques générales
  • Ce quiz a été pris 28 fois
  • Le résultat moyen est 8 sur 25
Statistiques - réponses
Question Réponse % Correct
Le groupe des Charlots a été fondé en 1966
80%
Ses membres ont formé l'année précédente un groupe de rock appelé Les problèmes
80%
En 1971, ils chantent... Merci patron
80%
Le groupe évolue vers l'humour. Quelle chanson ne figure pas dans leur 1er album en 1967 ? Si tous les cocus
80%
En 1983, ils connaissent un grand succès avec L'apérobic
60%
Quel ancien membre des Charlot est toujours vivant ? Luis Rego
60%
Le groupe actuel est composé de trois membres, qui n'en est pas ? William Olivier
60%
Quel réalisateur leur a fait tourner 4 films ? Claude Zidi
40%
Comment se nomme leur album de chansons érotiques ? Fesse en rut majeur
40%
Qui n'appartient pas à la première formation de rock ? Jacques Dautriche
40%
Le premier film des Charlots est La grande java
40%
Le plus grand succès au cinéma des Charlots est Les Bidasses en folie
40%
Quel film n'ont-ils pas tourné ? On a retrouvé les Bidasses
40%
Guy Lux avait imaginé un film intitulé Les Charlots... dans l'espace
20%
Dans les quatre Charlots mousquetaires ils jouent les rôles de Planchet, Mousqueton, Bazin et Grimaud
20%
Parmi ces Charlots lequel a joué dans tous les films ? Gérard Filipelli
20%
Quel mot manque dans ce titre : Elle a gagné le (...) du Japon avec de la ficelle du même métal Yoyo
20%
Ils assurent les premières parties de trois de ces quatre artistes, quel est l'intrus ? Antoine
0%
Quel album n'ont-ils pas enregistré ? Charlotvian
0%
En 1986, ils enregistrent l'album Parod'hit parade. Quelle chanson n'y est pas ? En bouche et soir
0%
Quelle ville du nord de la France chantent-ils ? Hénin-Liétard
0%
Dans quel film de Claude Zidi peut-on voir Luis Rego ? La course à l'échalote
0%
Un film, Merci Patron, devait être tourné avec un acteur célèbre qui a du renoncer pour raison de santé, cet acteur était Louis de Funès
0%
Quelle émission télévisée n'a pas été animée par les Charlots ? Midi trente
0%
Une troupe concurrente tourne à leur place le film La grande maffia de Philippe Claire, ce sont les Totos
0%
Aucun quiz correspondant
Distribution des résultats
% des personnes avec chaque résultat
Percentile par nombre de réponses
Votre historique - résultats
Vous n’avez pas pris ce quiz